The Quran and the Sunnah : the time space factor

Bibliographic Details
Main Author: Al-Alwani, Taha Jabir
Format: Book
Published: London : International Institute of Islamic thought , 1991
Subjects:

MARC

LEADER 00000cam a2200000 7i4500
001 0000001946
002 000002113
005 20000330.0
020 |a 0912463910 
090 0 0 |a 297.1226   |b ALA 
100 1 |a Al-Alwani, Taha Jabir 
245 1 4 |a The Quran and the Sunnah :   |b the time space factor   |c Taha Jabir Al Alwani and Imad al Din Khalil 
260 |a London :   |b International Institute of Islamic thought ,   |c 1991 
300 |a 64p 
650 0 0 |a Quran 
650 0 0 |a Sunnah 
999 |a 028100   |b BUKU   |c PINJAMAN   |e PERPUSTAKAAN KOMUNITI PETALING JAYA